Journal Of Emerging Marketing Finance (Record no. 41534)
[ view plain ]
| 000 -LEADER | |
|---|---|
| fixed length control field | 00346nam a22001337a 4500 |
| 008 - FIXED-LENGTH DATA ELEMENTS--GENERAL INFORMATION | |
| fixed length control field | 240926b |||||||| |||| 00| 0 eng d |
| 022 ## - INTERNATIONAL STANDARD SERIAL NUMBER | |
| International Standard Serial Number | 09726527 |
| 041 ## - LANGUAGE CODE | |
| Language code of text/sound track or separate title | Eng |
| 245 ## - TITLE STATEMENT | |
| Title | Journal Of Emerging Marketing Finance |
| 260 ## - PUBLICATION, DISTRIBUTION, ETC. | |
| Place of publication, distribution, etc. | New Dehli |
| Name of publisher, distributor, etc. | Sage Publication |
| Date of publication, distribution, etc. | 2024 |
| 300 ## - PHYSICAL DESCRIPTION | |
| Extent | 386p |
| 856 ## - ELECTRONIC LOCATION AND ACCESS | |
| Uniform Resource Identifier | <a href="journals.sagepub.com/home/emf">journals.sagepub.com/home/emf</a> |
| 942 ## - ADDED ENTRY ELEMENTS (KOHA) | |
| Koha item type | Serial |
| Withdrawn status | Lost status | Source of classification or shelving scheme | Damaged status | Not for loan | Home library | Current library | Date acquired | Serial Enumeration / chronology | Barcode | Date last seen | Price effective from | Koha item type | Total Checkouts |
|---|---|---|---|---|---|---|---|---|---|---|---|---|---|
| Dewey Decimal Classification | IMTN | IMTN | 09/26/2024 | Vol. 23, No. 1 | P14 | 09/26/2024 | 09/26/2024 | Serial | |||||
| Dewey Decimal Classification | IMTN | IMTN | 09/26/2024 | Vol. 23, No. 2 | P15 | 09/26/2024 | 09/26/2024 | Serial | |||||
| Dewey Decimal Classification | IMTN | IMTN | 09/26/2024 | Vol. 23, No. 3 | P16 | 09/26/2024 | 09/26/2024 | Serial | |||||
| Dewey Decimal Classification | IMTN | IMTN | 12/02/2024 | Vol. 23, No. 4 | P112 | 12/02/2024 | 12/02/2024 | Serial | |||||
| Dewey Decimal Classification | IMTN | IMTN | 09/29/2025 | Vol. 24, No. 1 | P895 | 09/29/2025 | 09/29/2025 | Serial | |||||
| Dewey Decimal Classification | IMTN | IMTN | 09/29/2025 | Vol. 24, No. 2 | P896 | 09/29/2025 | 09/29/2025 | Serial | |||||
| Dewey Decimal Classification | IMTN | IMTN | 11/03/2025 | Vol. 24, No. 3 | 11/03/2025 | 11/03/2025 | Serial |